000 00471nam a2200181Ia 4500
001 47613
008 140429s9999 xx 000 0 und d
020 _a9789699400186
040 _cPK-LaUMT
082 _aRHC 891.4393
_bSHA-L
100 _aShafiq Anjum
245 _aLikhat likhati rahi (Urdu)
_bafsaanay
_cShafiq Anjum
260 _aIslamabad,Pakistan:
_bAl-Fath Publications,
_c2011
300 _a127 p.
546 _aUR
650 _aUrdu literature
942 _cBK
999 _c45531
_d45531